000 00411nam a22001457a 4500
082 _a331.116 ROB
100 _aB.C. ROBERTS
245 _aCOLLECTIVE BARGAINING IN AFRICAN COUTRIES
260 _aLONDON
_bST.MARTIN'S PRESS
_c1967
300 _axviii,158p
_b15cm
500 _aIndex
650 _aA PUBLICATION OF THE INTERNATIONAL INSTITUTE FOR LABOUR STUDIES
700 _aL.GREYFIEDE BELLECOMBE
942 _cBK
999 _c14197
_d14197